• 首页
  • 本馆介绍
  • 公告通知
  • 最新文献
  • 馆藏检索
  • 电子资源
  • 读者导购
  • 参考咨询
  • 我的图书馆
  • 登录
  • 详细信息显示
  • 放入我的书架
  • 预约/预借图书
  • 作者相关作品
  • 分类相关作品
  • 丛书相关作品
  • 出版社相关作品

书目信息

  • 表格格式
  • 工作单格式
  • 卡片格式
题名:
天然气净化生产运行管理手册
    
 
作者: 傅敬强 主编
分册:  
出版信息: 北京   石油工业出版社  2013.03
页数: 238页
开本: 26cm
丛书名: 天然气净化生产管理丛书
单 册:
中图分类: F407.226.2
科图分类:
主题词: 天然气净化--工业企业管理--生产管理--手册 , 天然气净化 , 工业企业管理 , 生产管理
电子资源:
ISBN: 978-7-5021-9257-0
000 01226oam2 2200301 450
001 006587553
005 20130704153356.65
010    @a978-7-5021-9257-0@dCNY22.00
100    @a20130427d2013 em y0chiy0110 ea
101 0  @achi
102    @aCN@b110000
105    @ak z 000yy
106    @ar
200 1  @a天然气净化生产运行管理手册@9tian ran qi jing hua sheng chan yun xing guan li shou ce@dThe production and operation management manual of natural gas purification@f傅敬强主编@zeng
210    @a北京@c石油工业出版社@d2013.03
215    @a238页@d26cm
225 2  @a天然气净化生产管理丛书
330    @a本书主要叙述了天然气净化厂生产运行管理机构及职责,生产计划管理,生产运行组织、工艺技术管理、设备管理、装置开停产管理、生产应急管理、生产运行保障、防洪防汛及防震减灾等内容。
461  0 @12001 @a天然气净化生产管理丛书@1035 @a(A100000NLC)006608092
510 1  @aProduction and operation management manual of natural gas purification@zeng
606 0  @a天然气净化@x工业企业管理@x生产管理@j手册
606 0  @a天然气净化
606 0  @a工业企业管理
606 0  @a生产管理
690    @aF407.226.2@v5
701  0 @a傅敬强@9fu jing qiang@4主编
801  0 @aCN@bNLC@c20130517
905    @b547358-61@dF407.226.2@e213@f4
    
    天然气净化生产运行管理手册=The production and operation management manual of natural gas purification/傅敬强主编.-北京:石油工业出版社,2013.03
    238页;26cm.-(天然气净化生产管理丛书)
    
    
    ISBN 978-7-5021-9257-0:CNY22.00
    本书主要叙述了天然气净化厂生产运行管理机构及职责,生产计划管理,生产运行组织、工艺技术管理、设备管理、装置开停产管理、生产应急管理、生产运行保障、防洪防汛及防震减灾等内容。
●
相关链接 在E读中查询图书 在五车中查询图书 在当当中查询图书 在豆瓣中查询图书


正题名:天然气净化生产运行管理手册     索取号:F407.226.2/213         预约/预借

序号 登录号 条形码 馆藏地/架位号 状态 备注
1 547358   205473584   第一样本阅览室/ [索取号:F407.226.2/213] 在馆    
2 547359   205473593   第一借阅区/ [索取号:F407.226.2/213] 在馆    
3 547360   205473600   第一借阅区/ [索取号:F407.226.2/213] 在馆    
4 547361   205473619   第一借阅区/ [索取号:F407.226.2/213] 在馆    
唐山师范学院图书馆 欢迎您!
大连网信软件有限公司© 版权所有